| 000 | 00616nam a22002172 4500 | ||
|---|---|---|---|
| 001 | 0000004379 | ||
| 005 | 20151021151103.0 | ||
| 008 | 070522s xx 000 0 eng d | ||
| 020 |
_a007059953X : _cKES 1,085 |
||
| 040 |
_aKABU _cKABU |
||
| 050 | 0 |
_aHF5415.13 _b.S29 2006 |
|
| 100 | 1 |
_aSaxena, Rajan. _@0000161194 |
|
| 245 | 1 | 0 | _aMarketing management. |
| 250 | _a3rd ed. | ||
| 260 |
_aNew Delhi : _bTata McGraw-Hill, _c2006. |
||
| 300 | _axxi, 819 p. | ||
| 650 | 0 |
_aMarketing _xManagement. _@0000150912 |
|
| 908 | _a070522 | ||
| 950 | _@1 | ||
| 999 |
_c532 _d532 |
||